Ultimate Brainrot quiz - over 200 questions! - Statistics

General Stats
  • This quiz has been taken 1,227 times
    633 since last reset
  • The average score is 73 of 270
Answer Stats
Clue Term % Correct
Charisma/Ability to attract females Rizz
97%
_____ Toilet Skibidi
88%
What is the weirdest state? Ohio
82%
What exercise improves your jawline? Mewing
81%
Hold up, let him _____ Cook
77%
Oi oi oi ______ | Sussy ______ Baka
75%
A term used to refer to a very successful and masculine, yet very independent
man with little interest in others and their emotions.
Sigma
75%
A person with an incredible physique and jawline is a Giga-______ Chad
74%
Memed individual who has now become part of the Costco Guys universe, famous for doing the Rizz Face The Rizzler
74%
Sticking out your gyatt for the ______ Rizzler
73%
What energy drink Logan Paul and KSI create? Prime
72%
Who taxes food? Fanum
68%
Middle aged woman who is known to complain to managers Karen
67%
YouTube who is famous for giving away stuff to fans and random people Mr Beast
67%
Streamer who is famous for his love for Cristiano Ronaldo Speed
67%
What does one have when their brain is full of TikTok terms, memes and jokes? Brainrot
66%
Which superhero does every man think he is, especially at night? Batman
65%
Someone that is considered a “Lone Wolf” Alpha
63%
Ws in the ____ Chat
63%
A term used to refer to an attractive person's large posterior;
can also represent shock
Gyatt
63%
What is it called when you look betterthan someone? Mogging
63%
I am ____ days into college and I’m threelectures behind 2
62%
What is it called when you stop right before you finish? Edging
62%
John ____ is calling Pork
62%
Famous athlete associated with the song, "You are my sunshine" LeBron James
59%
What is it called when someone is talking too much nonsense? Yapping
58%
Greatest video game to ever exist, streamer with low taper fade plays this Fortnite
57%
Who got a low taper fade? Ninja
57%
Someone that is your enemy is considered an _____. Term is popular among gangs Opp
54%
What is the highest level gyatt that one could have? 5 | 10
53%
Female rapper known for her gyatt and songs such as "Deli" Ice Spice
53%
_____ no scope 360
52%
What is it called when you improve your looks? Looksmaxxing
52%
Murder mystery game from 2020 Among us
51%
The distinctive atmosphere or quality that seems to surround and be generated by a person, thing, or place Aura
51%
Messaging and voice chat platform fullof basement dwellers Discord
51%
Who had a video leaked of them stroking their meat? Drake
51%
A party held recently that has been all over everyone’s FYP. TikTok Rizz Party
51%
Another twitch streamer, most recently famous for getting friendzoned by famous
South African artist Tyla
Kai Cenat
50%
YouTuber and member of the Sidemen who is known for his huge forehead and annoying music, cofounder of Prime KSI
49%
Who rizzed up Livvy Dunne? Baby Gronk
48%
What is someone that lacks any type of emotion or personality, and can be found anywhere, including video games? NPC
48%
Light work, no ______ Reaction
48%
Famous person who "escaped the matrix", arrested and sent to prison, lives in Romania Andrew Tate
47%
A win in Fortnite is a __________ Victory royale
47%
4 + 4 = | How many pizzas did Brick get? 8
46%
Ronaldo, he’s crying in his ___ Car
46%
Slang term for hot dog; One could be a _______ Gobbler Glizzy
46%
The name of the drink from the trend that depicts people supposedly
falling down and fainting after drinking this drink.
Grimace shake
46%
English or _____ Spanish
46%
Jake Paul is the founder of Team ____ 10
44%
People from this state are known to do insane things and commit absurd crimes. ________ man Florida
44%
When you overhype and over-compliment someone to the point where it's really annoying and cringeworthy Glazing
44%
Who sang “It’s Everyday Bro”? Jake Paul
44%
Music artist aka Puff Daddy who was arrested in September 2024 following allegations of sexual misconduct P Diddy
44%
A form of currency that originates from a video game V-bucks
44%
FYP For you page
43%
POV Point of view
43%
Sigma sigma ____ Boy
42%
When one brings themselves close to finishing repetitively, yet does not finish
and continues to repeat this procedure over long periods of time; Intense form of edging
Gooning
42%
Just put the fries in the ____ Bag
40%
What is the human equivalent (same size) to a black hole? Caseoh
40%
I just lost my ____ Dog
39%
Imagine if Ninja got a ______ Low taper fade
39%
Nostalgic video game involving crafting & building Minecraft
39%
Just give me my _____ Money
39%
Logan Paul, KSI, and MrBeast teamed up to make this controversial lunch kit Lunchly
38%
Type of YouTube content involving someone consuming large amounts of food on camera Mukbang
38%
Kumalala Kumalala Kumalala ________ Savesta
38%
What song was played at the TikTok Rizz Party? Carnival
37%
Music artist who released the song Not Like Us Kendrick Lamar
37%
Highly anticipated fight between Jake Paul and _____ Mike Tyson
37%
Song he released that was a huge meme for a while on the basis of how bad it was Thick Of It
37%
The term used to refer to a very basic and normal person, with no unique
personality. Most of the population is this.
Beta
36%
Most basic skin in Fortnite; Someone who does not have any skins is this Default
36%
I like my cheese ____ bruh Drippy
36%
Candy product made by MrBeast Feastables
36%
Term used for a girl who gets passed around Bop
35%
_________ dread head Nonchalant
35%
What is the enemy of skibidi toilet? Cameraman
34%
Animated sitcom often used in TikTok ; features the character Peter Griffin Family Guy
34%
Insanely large person who appeared on Adin Ross's stream; known as _______ The Destroyer Gorlock
34%
Things that girls don’t like in boys, it’s giving the ___ Ick
34%
Smartphone endless runner game involving a character named Jake jumping on trains Subway Surfers
34%
Short form of delusional Delulu
33%
Democratic candidate who ran against Donald Trump in the 2024 Election Kamala Harris
33%
Someone who does not mew and does not breathe from their nose? Mouth breather
33%
Stories from this platform are usually shown on TikTok; Can be filled with explicit content Reddit
33%
Minecraft character people are dressing upas Steve
33%
Hear me _____ cake Out
32%
Another term for NPC Bot
31%
Video game that is highly anticipated, its delayed release used as a joke most recently GTA 6
31%
The name of her podcast Talk Tuah
31%
The duo’s names AJ & big justice
30%
Bacon egg and _____ Cheese
30%
The term for mindlessly scrolling on TikTok and any other short form social media platform Doomscrolling
30%
Where da _____ at? Huzz
30%
Music artist who got hooked on laughing gas, aka Ye Kanye West
30%
The school where a person can master the art of mogging Mogwarts
30%
You have officially reached ____ status Unc
30%
Popular recent collab between Bruno Mars and KPop artist Rose Apt.
29%
Bro understood the _______ Assignment
29%
Jumpscare game set in a pizzeria FNAF
29%
Well known YouTuber known for the above who uploaded a video showing his weight transformation titled “Two Steps Ahead” Nikocado Avocado
29%
Streamer who is a massive NFL fan, especially the Houston Texans. Does not have a disability despite allegations that he does. Famous for saying "What's up brother" Sketch
29%
Popular AI chat bot ChatGPT
28%
A male friend who gets with his friends' girls; One could be a ________ Hopper Homie
28%
Famous actor who is a doctor, teacher, astronaut, etc.... Johnny Sins
28%
Most dangerous neighborhood in the U.S. that is located in Chicago O-Block
28%
Six _____ Seven
28%
What TV character appears in the Brainrot Quizzes on TikTok; Usually asks the questions SpongeBob
28%
Korean dystopian thriller TV series currently in its highly anticipated 2nd season Squid Game
28%
I just wanna be part of your _____ Symphony
28%
Who’s the group leader of the TikTok RizzParty? Blue Tie Kid
27%
A rare hostile mob in Minecraft that appears when a baby zombie-like creature rides a chicken Chicken jockey
27%
If you ate, what aren’t you leaving behind? Crumbs
27%
Hailey Welch is also known as this Hawk Tuah Girl
27%
Someone who is a fan of Logan Paul is part of the _________ Logang
27%
Very demure, very _______ Mindful
27%
______ Quandale Dingle Turkish
27%
____, they don’t love me like I love you Wait
27%
Raise your _____ Ya ya
27%
App that was most popular in late 2022 and 2023; takes pictures using 2 cameras at once BeReal
26%
Car that Andrew Tate drives Bugatti
26%
Recent meme with an anthropomorphic dog and calming music in the background, I’m just a ________ Chill guy
26%
Music artist who shockingly switched up their career and released the song “Karma” Jojo Siwa
26%
Oh brother, this guy ______ Stinks
26%
Popular smartphone game involving combining colored blocks Block Blast
25%
Idle game which involves clicking a cookie Cookie Clicker
25%
Trendy cookie restaurant that got its start on TikTok Crumbl
25%
I bought property in ______ Egypt
25%
The new name for the Gulf of Mexico Gulf of America
25%
Popular social media app, most likely 2nd most used by gen alphas after TikTok Snapchat
25%
An older senior who hits on younger freshman in school Super Senior
25%
They’re eating the ____ Dogs | Cats
24%
Memed Travis Scott song that reached its peak in October 2024 Fein
24%
Dance that was made famous by Justin Jefferson and Ja'marr Chase Griddy
24%
What is the exercise to extend your meat/wood Jelqing
24%
A phrase that only sigmas use when they can't believe something What the sigma
24%
1,2, _____ Buckle my shoe
23%
What's up guys, ______________ here Quandale Dingle
23%
John Pork’s killer Tim Cheese
22%
Popular music artist who released the song Sticky Tyler the Creator
22%
Music artist who released the song Hot To Go Chappell Roan
21%
_____ Chocolate Dubai
21%
What animal is often associated with the song above? Dolphin
20%
Type of Sprite only available during theholiday season Sprite Cranberry
20%
Alternate term for autistic Acoustic
19%
Describes something that is delicious Bussin
19%
YouTuber duo famous for saying “Boom” Costco guys
19%
A twitch streamer often revered as the epitome of the appearance of man
(6'4, plays basketball)
Duke Dennis
19%
Video game involving splashing paint in a fictional world Splatoon
19%
19 Dollar Fortnite card, _____ Who wants it
19%
Streamer known for doing dumb things; friends with Bronny; used to play 2k; got played by Pami Adin Ross
18%
Boxed like a _____ Fish
18%
Streamer who is famous for his incredibly low basketball IQ. He reaches his peak performance in the month of June Flight
18%
Streamer who pulled Breckie Hill Jynxzi
18%
Not my name, ________ Quarterback
18%
I was the knight in _____ Shining armor
18%
A slang term used to address men - equivalent to "bro" Blud
17%
A person who does not have Rizz has this L Rizz
17%
Cancelled TikToker who was left behind in 2024 after his mass unfollowing Vexbolts
17%
Who sings Gegagedigadao? Chicken nugget
16%
Popular TV show she got her career started on Dance Moms
16%
On what day was TikTok filled with slideshows of explicit adult content? December 22
16%
Video game involving a 2D box jumping over obstacles Geometry Dash
16%
The _______ way is a style of sandwich-making that Arabic New York City bodega and deli chefs are known for, featuring large portions of meat and fried food like burgers, chicken cutlets, mozzarella sticks, french fries, chicken tenders, pancakes and more, stuffed into a sandwich Ocky
16%
a slang term for someone who's incredibly exceptional, authentic, or “old-school OG
16%
The school where one can acquire rizz Rizz Academy
16%
Music artist who wrote the song “Apple” Charlie xcx
15%
Trend that involves posting yourself stealing things Devious lick
15%
A _____ is a female version of a hustler Diva
15%
Very popular game on Roblox DTI
15%
YouTuber who fell asleep at a WNBA game Jidion
15%
Where are all athletes that are trash sent to? China
14%
What lawyer is notorious for releasing supervillains? Jayoma
14%
Say a little ____ for youuuu Prayer
14%
Popular music artist who wrote the song Sabrina Carpenter
14%
When someone quits violently and aggressively Crashout
13%
YouTuber that has high quality videos teaching lessons and has mixed critics; known for saying “So you see” and “ Instantly regrets it” Dhar Mann
13%
Which person never loses, no matter the circumstance? He is from Alvin and the Chipmunks Ian Hawke
13%
Brainrot Kick streamer who recently crashed his McClaren Jack Doherty
13%
Song that often plays with the above Static
13%
Musician who wrote that song Steve Lacy
13%
Catchphrase used by the person above in the hallways Where my hug at?
13%
A Spanish-speaking influencer from Dominica who primarily creates
food and supermarket videos. Also referred to as King of Ohio
Don Pollo
12%
A dangerous trend with another name for Nitrous Oxide Galaxy Gas
12%
TFW _____ is tomorrow Knee surgery
12%
Water brand popularized by fitness influencer Ashton Hall Saratoga
12%
Character in an SNL skit played by Marcelo Hernandez; became a TikTok trend Domingo
11%
I’m in my prime and this ain’t _____ Even final form
11%
Twin musical group that blew up with noskills Island Boys
11%
What is the number one rule in mogwarts? No talking
11%
Song parodied in the original skit Espresso
10%
The term used to refer to maintaining the oral posture to restructure
the jaw shape over prolonged periods of time
Mewing streak
10%
The term for when the outer corner of your eye is lower than the inner corner Negative canthal tilt
10%
Cooper DeJean is not a _____ Safety
10%
Rebrand of Sierra Mist / lime drink over advertised at gas stations Starry
10%
What app is known for being put on TikTok slideshows; very controversial and has been in the news recently Temu
10%
The cartoon character that is involved with the above The Grinch
10%
Big Justice’s sister Ashley
9%
Diss track beat released by Metro Boominin May 2024 Bbl drizzy
9%
Animals, primarily dogs, are depicted of paying money to what character? Bill Collector
9%
TikTok movement fueled by the above Brat
9%
Refers to the appearance of Montgomery’s cousins chin Chopped chin
9%
Ding Dong ____ Eat it up
9%
Which college athlete made the song “2 Days Into College” famous? Jared McCain
9%
POV: When the _____ slips out Accent
8%
YouTube kids channel who’s host is a man with a blue shirt + orange suspenders and bow tie Blippy
8%
But Nito, I wanted _____ Braids
8%
A term for bland music played on the radio and in an office setting, hence the name Coworker music
8%
Jidion’s nickname (Hint: NBA Player) Demarcus Cousins III
8%
Text above a cartoon of a character playing basketball Green FN
8%
Hailey Welch’s meme coin that was exposed as a scam HawkCoin
8%
Day when TikTok was supposed to get banned January 19
8%
AI generated bird that is the chill plug Luh Calm Fit
8%
Gym influencer known for his dialect and shape Sam Sulek
8%
Recent soccer match won by the YouTubeAll Stars on penalties Sidemen Charity Match
8%
I like my _____ Suitcase
8%
The worst mom on TikTok Ash Trevino
7%
Eat like a king who’s on a ______ Budget
7%
Bird that “died” recently Duo
7%
It’s the _______, ______ time of the year Thirst, thirstiest
7%
Low-grade euphoria sensation characterized by positive feelings and pleasant tingling on the skin ASMR
6%
Place she visited to celebrate her 21st birthday DisneyWorld
6%
A TikTok slang phrase used to describesomething of high quality, impressive, or luxurious. Often used to refer to an attractive person Fine shyt
6%
A common harmless skin condition in which patches of skin become darker than the surrounding skin Hyperpigmentation
6%
Person who recently killed the UnitedHealthcare CEO Luigi Mangioni
6%
Who said the quote “The world cries for thepig they barely knew but spat on the rat that stayed true” Simon Claw
6%
Who staged the death and made the aboveout to be the bad guy? Agent 5.5
5%
“Though some of you cannot vote yet, I hope that when you do, it will be in a more _____ Australia” Goated
5%
I’m talking ‘bout the man on the ______ Lakers
5%
What is the most dangerous school? Miller Grove
5%
A situation where a person’s lack of ability or proficiency is seen as the cause of their failure or difficulty in completing a task Skill issue
5%
Brainrot YouTube shorts channel that uploads ridiculous amounts of content per day LankyBox
4%
Gen Alpha term of endearment Pookie
4%
A Gen alpha version of pizza Skibidi slicers
4%
Recent brainrot game on Neal.Fun ______ Clicker Stimulation
4%
It’s for my _____ Winter arc
4%
Another term for the above 808
3%
Term used to refer to someone who isextremely submissive Good boy
3%
Man who famously said “frickin packet yo” Jeff Bliss
3%
What day did the YouTube shorts colonization happen? March 25
3%
I live with ______, about ten of ‘em Roaches
3%
Viral meme involving an AI combination of a fictional creature and an animal Smurf Cat
3%
A rum _____ Sum sum
3%
My bad ____ Teach
3%
Instrument that plays after “My name isJohn Marsdon” is said Banjo
2%
Computer game involving preventing an egg from hitting the ground and breaking Eggy car
2%
TikToker, Podcaster, & Musician who lives in Texas; known for her short stature and GRWMs Harper Zilmer
2%
Person he recently got married to McKinley Richardson
2%
Internet celebrity she had beef with in late 2023; known for her prank videos, challenges, and music videos Piper Rockelle
2%
Brainrot YouTube channel that makesAI parodies of nursery rhymes Rizz Records
2%
YouTuber known for his challenge and prank content, also known for gaining a million subs in 1 year Airrack
1%
Code phrase used on TikTok recently meaning to make your voice heard and fight back against those who are wealthy Cute winter boots
1%
I wanna dance like _______. Rizzler I’mright here Jersey Joe
1%
Soccer player memed for his celebration Jude Bellingham
1%
______ ding ding ding ding King china
1%
Musician from Alabama who collaborated with her on the song “Xs” Maddox Batson
1%
City in Roblox Mee City
1%
_______ 24? Remember
1%
A form of content on TikTok most usuallyinvolving the 2 answers either side of this question; often labeled as overstimulating & addictive Sludge content
1%
Group of brothers on TikTok notorious for streaming 24/7 Aussie Bro Squad
0%
Object that was recently recovered fromthe Sydney harbor Drake’s orange slide
0%
A phrase people might say after they watched something that depletes brain cells I feel like I got a lobotomy
0%
Slang meaning remarkably excellent; first class, great Tough
0%
The Rizzler’s father. Part of the CostcoCinematic Universe Uncle Savesta
0%
How Gen Alphas give each other money Venmo Teen
0%
No matching quizzes found
Score Distribution
Percent of People with Each Score
Percentile by Number Answered
Your Score History
You have not taken this quiz since the last reset